Mixed Word: 6T Quiz Stats

Quiz Updated Aug 15, 2012

Also try: Mixed Word: 6B
Challenge
Share
Tweet
Embed
Score 0/36 Timer 05:00
0 Plays Today
% Correct
Toy Story
97%
Taxi
95.6%
That '70s Show
94.4%
Twilight
94%
Toad
94%
Tokyo
93.2%
Twins
92.9%
True Blood
91.9%
Texans
90.9%
The Twilight Zone
89%
Tigers
85%
Three's Company
84.1%
Terrier
81%
Tarantula
76.6%
Titanic
75.7%
Titans
72.2%
Turkey
71.8%
Tunis
71.3%
% Correct
Twister
69.5%
Terminator 2: Judgment Day
68.5%
The Taming of the Shrew
65.5%
The Tempest
64.7%
Thunder
63.3%
Trout
62.9%
Tripoli
59.5%
Twelfth Night
56.2%
Tortoise
54.8%
Transformers
54.6%
Taipei
53.9%
Two Gentlemen of Verona
45.6%
Timberwolves
33.3%
Titus Andronicus
29.7%
Tallinn
21.9%
Torchwood
19.5%
Tehran
16%
Troilus and Cressida
11.1%

You're not logged in!

Compare scores with friends on all Sporcle quizzes.
Sign Up with Email
OR
Log In

You Might Also Like...

Show Comments

Extras

Top Quizzes Today


Score Distribution

Your Account Isn't Verified!

In order to create a playlist on Sporcle, you need to verify the email address you used during registration. Go to your Sporcle Settings to finish the process.